Prvé mesiace v knižnici

Bibliographic Details
Main Author: Maruničová, Marianna (Author)
Format: Article
Language:Slovak
ISSN:1337-9356
Subjects:
Online Access:http://www.vkjb.sk/vkjb_zdroje/casopis_knihovnik/2010_01/08.pdf

MARC

LEADER 00000nab a2200000 a 4500
001 vtls010115283
003 SK-MaSNL
005 20260303081000.0
008 100715 2010 xo 000 0 slo
038 |a KEVKJB 
040 |a KEVKJB  |b slo  |c KEVKJB  |e AACR2 
041 0 |a slo 
044 |a xo  |c SK 
080 |a 027.53  |2 2001 
100 1 |a Maruničová, Marianna  |4 aut  |9 406740 
245 1 0 |a Prvé mesiace v knižnici  |c Marianna Maruničová 
610 2 7 |a Zemplínska knižnica Gorazda Zvonického (Michalovce, Slovensko)  |2 kevkjb  |9 33131 
651 7 |a Michalovce (Slovensko)  |2 kevkjb  |9 22487 
773 0 |t Knihovník  |g Roč. 32, č. 1 (2010), s. 8  |x 1337-9356 
852 |a KEVKJB  |b KIS3GCP 
856 4 1 |u http://www.vkjb.sk/vkjb_zdroje/casopis_knihovnik/2010_01/08.pdf 
958 |a KL 
999 |c 1782743  |d 1784673